[Event "Challenge"]
[Site "http://www.queenalice.com/game.php?id=1535"]
[Date "2004.10.29"]
[Round "-"]
[White "Hatter"]
[Black "prrrudenz"]
[Result "0-1"]
[WhiteElo "1039"]
[BlackElo "1625"]

1. e4 e5 2. Nf3 d6 3. Bc4 h6 4. d4 exd4 5. Qxd4 Nc6 6. Qd1 Bg4 7. Nc3 Nf6 8. O-O
Be7 9. Re1 O-O 10. Be2 Re8 11. Nd2 Bxe2 12. Qxe2 Nd4 13. Qd3 c5 14. Nf3 Nc6 15.
Nd5 Bf8 16. c4 g6 17. Bf4 Nh5 18. Bd2 Bg7 0-1

[Event "AUTO-OPEN-15"]
[Site "http://www.queenalice.com/game.php?id=1615"]
[Date "2004.11.2"]
[Round "1"]
[White "Hatter"]
[Black "Maxwell"]
[Result "0-1"]
[WhiteElo "1039"]
[BlackElo "1558"]

1. e4 d6 2. d4 Nf6 3. Nc3 g6 4. Bd2 c6 5. Qb1 Bg7 6. Nf3 O-O 7. Bd3 Nbd7 8. O-O
e5 9. dxe5 dxe5 10. Qc1 Qc7 11. Bh6 Nc5 12. Bxg7 Kxg7 13. Qg5 Re8 14. Rfe1 h6
15. Qd2 Bg4 16. Nh4 Rad8 17. h3 Bc8 18. Rad1 b6 19. Ne2 Ncxe4 20. Qc1 Ng5 0-1

[Event "AUTO-OPEN-15"]
[Site "http://www.queenalice.com/game.php?id=1616"]
[Date "2004.11.2"]
[Round "1"]
[White "Maxwell"]
[Black "Hatter"]
[Result "1-0"]
[WhiteElo "1558"]
[BlackElo "1039"]

1. d4 g6 2. e4 Bg7 3. Nc3 e6 4. Be3 Ne7 5. Qd2 Nbc6 6. Be2 d6 7. Nf3 O-O 8. h4
f5 9. O-O-O f4 10. Bxf4 Rxf4 11. Qxf4 Qf8 12. Qxf8+ Kxf8 13. Nb1 a5 14. g4 Rb8
15. Na3 Nb4 16. Kb1 h6 17. e5 d5 18. h5 g5 19. c3 Na6 20. Nd2 1-0

[Event "AUTO-OPEN-17"]
[Site "http://www.queenalice.com/game.php?id=1754"]
[Date "2004.11.6"]
[Round "1"]
[White "Hatter"]
[Black "ArmerRitter"]
[Result "0-1"]
[WhiteElo "1039"]
[BlackElo "1586"]

1. e4 c6 2. d4 d5 3. Nc3 dxe4 4. Nxe4 Bf5 5. Ng3 Bg6 6. Nf3 Nd7 7. Bd3 Bxd3 8.
Qxd3 e6 9. O-O Ngf6 10. Bg5 h6 11. Bxf6 Qxf6 12. Ne4 Qd8 13. Rad1 Be7 14. Rfe1
O-O 15. c4 Qc7 16. Ng3 Nf6 17. Nd2 Rad8 18. Nf3 c5 19. d5 exd5 0-1

[Event "AUTO-OPEN-17"]
[Site "http://www.queenalice.com/game.php?id=1755"]
[Date "2004.11.6"]
[Round "1"]
[White "ArmerRitter"]
[Black "Hatter"]
[Result "1-0"]
[WhiteElo "1586"]
[BlackElo "1039"]

1. e4 c5 2. c3 Nc6 3. d4 cxd4 4. cxd4 g6 5. Nf3 Bg7 6. Bc4 e6 7. O-O Nge7 8. e5
O-O 9. Bg5 Qb6 10. Qd2 Nf5 11. Rd1 f6 12. exf6 Bxf6 13. Bxf6 Rxf6 14. Nc3 d5 15.
Bxd5 Nce7 16. Bb3 Kg7 17. d5 exd5 18. Bxd5 Rd6 19. Qe2 1-0

[Event "AUTO-OPEN-18"]
[Site "http://www.queenalice.com/game.php?id=1780"]
[Date "2004.11.7"]
[Round "1"]
[White "Hatter"]
[Black "davihulse"]
[Result "0-1"]
[WhiteElo "1100"]
[BlackElo "1459"]

1. e4 e5 2. Nf3 Nc6 3. d4 Bb4+ 4. c3 Be7 5. Be3 Nf6 6. Bd3 d6 7. O-O Be6 8. d5
Bxd5 9. exd5 Nxd5 10. Bb5 Nf6 11. Re1 a6 12. Bf1 e4 13. Nd4 Nd5 14. Nf5 Qd7 15.
Qxd5 g6 16. Ng7+ Kf8 17. Bh6 Bf6 18. Nf5+ Kg8 0-1

[Event "AUTO-OPEN-19"]
[Site "http://www.queenalice.com/game.php?id=1867"]
[Date "2004.11.11"]
[Round "1"]
[White "ArmerRitter"]
[Black "Hatter"]
[Result "1-0"]
[WhiteElo "1586"]
[BlackElo "1039"]

1. e4 c5 2. c3 d5 3. exd5 Qxd5 4. d4 e6 5. Nf3 Nf6 6. Bd3 Be7 7. O-O Nc6 8. c4
Qd8 9. dxc5 O-O 10. Nc3 Bxc5 11. Bg5 h6 12. Bf4 Re8 13. Bc2 1-0

[Event "AUTO-OPEN-19"]
[Site "http://www.queenalice.com/game.php?id=1868"]
[Date "2004.11.11"]
[Round "1"]
[White "Hatter"]
[Black "ArmerRitter"]
[Result "0-1"]
[WhiteElo "1039"]
[BlackElo "1586"]

1. e4 c6 2. Nf3 d5 3. exd5 cxd5 4. Be2 Bf5 5. O-O Nc6 6. Re1 e6 7. Nc3 e5 8.
Nxe5 Nge7 9. Bb5 Be6 10. Qf3 a6 11. Bxc6+ bxc6 12. d4 Qb6 0-1

[Event "AUTO-OPEN-19"]
[Site "http://www.queenalice.com/game.php?id=1877"]
[Date "2004.11.11"]
[Round "1"]
[White "leeroy"]
[Black "Hatter"]
[Result "1-0"]
[WhiteElo "1414"]
[BlackElo "1162"]

1. d4 Nf6 2. Nc3 g6 3. e4 Bg7 4. Be3 d6 5. Be2 O-O 6. h3 Re8 7. Nf3 c6 8. Nh2 e5
9. dxe5 dxe5 10. Qxd8 Rxd8 11. O-O Be6 12. Bg5 1-0

[Event "AUTO-OPEN-19"]
[Site "http://www.queenalice.com/game.php?id=1878"]
[Date "2004.11.11"]
[Round "1"]
[White "Hatter"]
[Black "leeroy"]
[Result "0-1"]
[WhiteElo "1152"]
[BlackElo "1420"]

1. e4 e5 2. Nf3 d6 3. d4 Bg4 4. Be2 h6 5. O-O Nd7 6. Re1 Ngf6 7. Nc3 Bxf3 8.
Bxf3 a6 9. Be3 Be7 10. Ne2 Nh7 11. Ng3 Bf6 12. d5 Bg5 0-1

[Event "AUTO-OPEN-20"]
[Site "http://www.queenalice.com/game.php?id=1948"]
[Date "2004.11.17"]
[Round "1"]
[White "ayrton"]
[Black "Hatter"]
[Result "1-0"]
[WhiteElo "1363"]
[BlackElo "1144"]

1. e4 c5 2. c3 d5 3. e5 Nc6 4. Nf3 Bg4 5. d4 cxd4 6. cxd4 Bxf3 7. gxf3 e6 8. Qa4
Rc8 9. Nc3 Qd7 10. a3 Be7 11. Rg1 g6 12. Be3 1-0

[Event "AUTO-OPEN-20"]
[Site "http://www.queenalice.com/game.php?id=1949"]
[Date "2004.11.17"]
[Round "1"]
[White "Hatter"]
[Black "ayrton"]
[Result "0-1"]
[WhiteElo "1080"]
[BlackElo "1357"]

1. e4 e5 2. Nf3 Nf6 3. Bc4 Nxe4 4. O-O d5 5. Bb3 Nc6 6. Re1 Bc5 7. Rxe4 dxe4 8.
Ne1 e3 9. Bxf7+ Kxf7 10. Qf3+ Qf6 11. dxe3 Qxf3 0-1